| Поле | Инд. | ПП | Название | Значение |
|---|---|---|---|---|
| Тип записи | a | |||
| Библиографический уровень | b | |||
| 001 | Контрольный номер | RU/IS/BASE/261250938 | ||
| 005 | Дата корректировки | 20200729195404.3 | ||
| 008 | Кодируемые данные | 20080411 | ||
| 040 | b | Код языка каталог. | rus | |
| e | Правила каталог. | PSBO | ||
| 041 | 0_ | a | Код языка текста | rus |
| 084 | a | Индекс другой классификации/Индекс ББК | 74.484.4(2Рос) | |
| 245 | 11 | a | Заглавие | "Древо" желаний, или Кое-что о рейтингах |
| b | Продолж. заглавия | [обзор материалов заседания круглого стола "Кадры решают все. Профессиональное образование: анализ спроса и предложения" в рамках III Ежегодного форума национального бизнеса "Новый бизнес новой России" (июль 2007 г., Москва)] | ||
| c | Ответственность | материал подготовила И. Довгаль | ||
| 650 | 04 | a | Основная рубрика | высшее образование |
| a | Основная рубрика | образование | ||
| a | Основная рубрика | профессиональное образование | ||
| 653 | 1_ | a | Ключевые слова | высшие учебные заведения |
| a | Ключевые слова | оценка деятельности вуза | ||
| a | Ключевые слова | подготовка специалистов | ||
| a | Ключевые слова | рейтинг высших учебных заведений | ||
| a | Ключевые слова | Россия | ||
| 700 | 1_ | a | Автор | Довгаль И. |
| e | Роль лиц | автор подготовки материала | ||
| 773 | 08 | t | Заглавие источника | Высшее образование сегодня |
| d | Дата издания источника | 2007 | ||
| g | Прочая информация | № 8. - С. 29 - 32 | ||
| w | Контрольный № источника | RU/IS/BASE/214494051 | ||
| 901 | t | Тип документа | b |